000
00297nam a2200097Ia 4500
008
241105s9999 xx 000 0 und d
041
_a
eng
100
_a
Vichare Purva
245
_a
Zero Energy Design Commercial Retail Building In Warm And Humid Climate
260
_b
M.Arch Environmental, Pune
_c
2014
999
_c
360958
_d
360958